[Event "GER-ch Net Amateur Gr-B Vor2"]
[Site "Playchess.com INT"]
[Date "2020.04.15"]
[Round "5"]
[White "Jessen, Bjarne"]
[Black "Fichtl, Andreas"]
[Result "1-0"]
[WhiteElo "1590"]
[BlackElo "1478"]
[PlyCount "37"]
[EventDate "2020.04.15"]
[EventType "swiss (blitz)"]
[EventRounds "9"]
[EventCountry "GER"]
[SourceTitle "CBM 196 Extra"]
[Source "ChessBase"]
[SourceDate "2020.07.31"]
[SourceVersion "1"]
[SourceVersionDate "2020.07.31"]
[SourceQuality "1"]

1. e4 e6 2. d4 d5 3. Nd2 c6 4. Ngf3 Be7 5. Bd3 dxe4 6. Nxe4 Nf6 7. Nxf6+ Bxf6 8. c3 0-0 9. h4 Re8 10. Bxh7+ Kxh7 11. Ng5+ Kg8 12. Qh5 Bxg5 13. hxg5 Kf8 14. b3 Nd7 15. Ba3+ c5 16. dxc5 Qc7 17. c6+ Nc5 18. Bxc5+ Re7 19. Qh8# 1-0

[Event "GER-ch Net Amateur Gr-B Vor1"]
[Site "Playchess.com INT"]
[Date "2020.04.14"]
[Round "8"]
[White "Fichtl, Andreas"]
[Black "Banzhaf, Steffen"]
[Result "0-1"]
[WhiteElo "1414"]
[BlackElo "1411"]
[PlyCount "112"]
[EventDate "2020.04.14"]
[EventType "swiss (blitz)"]
[EventRounds "9"]
[EventCountry "GER"]
[SourceTitle "EXT 2021"]
[Source "ChessBase"]
[SourceDate "2020.10.23"]
[SourceVersion "1"]
[SourceVersionDate "2020.10.23"]
[SourceQuality "1"]

1. e4 c5 2. c3 d5 3. exd5 Qxd5 4. d4 Nc6 5. Be3 e6 6. Nf3 cxd4 7. cxd4 Nf6 8. Nc3 Bb4 9. Be2 0-0 10. 0-0 Qd8 11. Rb1 b6 12. Qb3 Bb7 13. a3 Bxc3 14. Qxc3 Nd5 15. Qd2 Nxe3 16. fxe3 Rc8 17. Rbc1 Qe7 18. Bb5 Na5 19. b4 Rxc1 20. Qxc1 Nb3 21. Qb1 Bd5 22. Re1 Bxf3 23. gxf3 Qg5+ 24. Kf2 Nd2 25. Qd1 Ne4+ 26. fxe4 Qxb5 27. Rg1 Rc8 28. Qe2 Qa4 29. d5 Rc2 30. Kf3 Rxe2 31. Kxe2 Qc2+ 32. Kf3 Qd3 33. Re1 exd5 34. exd5 Qxd5+ 35. e4 Qd3+ 36. Re3 Qf1+ 37. Kg3 Qg1+ 38. Kf4 Qf2+ 39. Rf3 Qh4+ 40. Ke3 Qe1+ 41. Kf4 Qd2+ 42. Re3 Qxh2+ 43. Rg3 Qxg3+ 44. Kxg3 g5 45. Kg4 h6 46. Kh5 Kg7 47. e5 f6 48. e6 Kf8 49. Kg4 Ke7 50. Kf5 h5 51. b5 h4 52. Kg4 Kxe6 53. a4 Ke5 54. Kf3 f5 55. Ke3 f4+ 56. Kf3 h3 0-1

[Event "GER-ch Net Amateur Gr-B Vor1"]
[Site "Playchess.com INT"]
[Date "2020.04.14"]
[Round "4"]
[White "Schenk, Jonatan"]
[Black "Fichtl, Andreas"]
[Result "1-0"]
[WhiteElo "1543"]
[BlackElo "1458"]
[PlyCount "119"]
[EventDate "2020.04.14"]
[EventType "swiss (blitz)"]
[EventRounds "9"]
[EventCountry "GER"]
[SourceTitle "EXT 2021"]
[Source "ChessBase"]
[SourceDate "2020.10.23"]
[SourceVersion "1"]
[SourceVersionDate "2020.10.23"]
[SourceQuality "1"]

1. e4 e6 2. d4 d5 3. e5 c5 4. c3 Nc6 5. Nf3 Qb6 6. Bd3 cxd4 7. cxd4 Bd7 8. Nc3 Nxd4 9. Nxd4 Qxd4 10. 0-0 Bb4 11. Nb5 Qxe5 12. Qg4 Bf8 13. Bf4 h5 14. Bxe5 hxg4 15. Nc7+ Kd8 16. Nxa8 f6 17. Bc7+ Kc8 18. Rac1 Bc6 19. b4 a6 20. b5 axb5 21. Rfe1 Kd7 22. Ba5 Ba3 23. Nb6+ Ke7 24. Rc3 Bb2 25. Rb3 Bd4 26. Bxb5 Bxb5 27. Rxb5 Nh6 28. Nxd5+ Kd6 29. Bb4+ Kc6 30. Ra5 exd5 31. Re6+ Kc7 32. Re7+ Kb6 33. Rxg7 Nf5 34. Rf7 Re8 35. Rxd5 Kc6 36. Rxf5 Re6 37. g3 Be5 38. Kg2 b5 39. Bd2 Kd5 40. Bf4 b4 41. R7xf6 Rxf6 42. Rxe5+ Kc4 43. Re4+ Kc3 44. Be5+ Kd3 45. Rd4+ Kc3 46. Bxf6 Kc2 47. Rxb4 Kd3 48. Rxg4 Ke2 49. h4 Kd3 50. h5 Ke2 51. h6 Kd1 52. h7 Kc2 53. h8R Kd3 54. Re8 Kd2 55. Rg7 Kc2 56. Bh4 Kb2 57. Rc7 Kb1 58. Rb8+ Ka1 59. Rcb7 Kxa2 60. Ra7# 1-0

[Event "Karl Mala Memorial op-B 16th"]
[Site "Frankfurt"]
[Date "2013.07.13"]
[Round "5"]
[White "Peteani, Damien"]
[Black "Fichtl, Andreas"]
[Result "1-0"]
[WhiteElo "1440"]
[BlackElo "1767"]
[PlyCount "57"]
[EventDate "2013.07.11"]
[EventType "swiss"]
[EventRounds "7"]
[EventCountry "GER"]
[SourceTitle "CBM 155 Extra"]
[Source "ChessBase"]
[SourceDate "2013.08.26"]
[SourceVersion "1"]
[SourceVersionDate "2013.08.26"]
[SourceQuality "1"]

1. e4 e6 2. d4 d5 3. e5 c5 4. c3 Nc6 5. Nf3 Qb6 6. a3 cxd4 7. cxd4 Bd7 8. b4 a6 9. Bb2 Nge7 10. Be2 Nf5 11. 0-0 Be7 12. g4 Nh4 13. Nbd2 Rc8 14. Nxh4 Bxh4 15. Nf3 Be7 16. Qd2 Qd8 17. g5 h6 18. h4 hxg5 19. hxg5 Rh5 20. Bc1 f6 21. exf6 gxf6 22. g6 f5 23. Ne5 Rg5+ 24. Qxg5 Bxg5 25. g7 Ne7 26. Bh5+ Ng6 27. g8Q+ Ke7 28. Bxg5+ Kd6 29. Bxd8 1-0

[Event "Karl Mala Memorial op-B 16th"]
[Site "Frankfurt"]
[Date "2013.07.12"]
[Round "3"]
[White "Marchese, Eric"]
[Black "Fichtl, Andreas"]
[Result "1-0"]
[WhiteElo "1423"]
[BlackElo "1767"]
[PlyCount "139"]
[EventDate "2013.07.11"]
[EventType "swiss"]
[EventRounds "7"]
[EventCountry "GER"]
[SourceTitle "CBM 155 Extra"]
[Source "ChessBase"]
[SourceDate "2013.08.26"]
[SourceVersion "1"]
[SourceVersionDate "2013.08.26"]
[SourceQuality "1"]

1. e4 e6 2. d4 d5 3. Nc3 Bb4 4. Bd3 dxe4 5. Bxe4 c5 6. a3 Bxc3+ 7. bxc3 Nf6 8. Bd3 Nc6 9. Nf3 0-0 10. 0-0 Qc7 11. Re1 cxd4 12. cxd4 b6 13. Bg5 Nd5 14. Bh4 h6 15. c4 Nde7 16. Bxe7 Nxe7 17. Qe2 Bb7 18. d5 Nxd5 19. cxd5 Bxd5 20. Be4 Rfd8 21. Ne5 Qb7 22. Bxd5 Rxd5 23. Rad1 Rad8 24. Rxd5 Rxd5 25. Rd1 Qe7 26. Rxd5 exd5 27. Qb2 f6 28. Nf3 Qc5 29. h3 b5 30. Qd4 Qc1+ 31. Kh2 Qc7+ 32. g3 Qb7 33. Nh4 a5 34. Nf5 b4 35. axb4 axb4 36. Qb2 b3 37. Nd4 Qb6 38. Kg2 Kf7 39. Nxb3 Qb4 40. Qc2 Qb7 41. Nd4 Qb6 42. Qd3 Qc5 43. h4 g6 44. f4 Qc1 45. h5 Qb2+ 46. Kh3 gxh5 47. Qh7+ Ke8 48. Qg6+ Kd7 49. Qf5+ Kc7 50. Qxd5 Qb1 51. Qxh5 Qh1+ 52. Kg4 Qd1+ 53. Nf3 Qd7+ 54. Kh4 Qd1 55. Qf7+ Kc8 56. Kg4 Kb8 57. Qe8+ Kb7 58. Qe4+ Kb8 59. Kf5 Qd6 60. Qe6 Qd3+ 61. Qe4 Qd7+ 62. Kxf6 Qg4 63. Qb4+ Ka7 64. Qc5+ Kb8 65. Qb6+ Ka8 66. Qa6+ Kb8 67. Ne5 Qxg3 68. Qb5+ Kc7 69. Qc6+ Kb8 70. Nd7+ 1-0

[Event "Karl Mala Memorial op-B 16th"]
[Site "Frankfurt"]
[Date "2013.07.11"]
[Round "1"]
[White "Kuehner, Joergen"]
[Black "Fichtl, Andreas"]
[Result "0-1"]
[WhiteElo "1328"]
[BlackElo "1767"]
[PlyCount "84"]
[EventDate "2013.07.11"]
[EventType "swiss"]
[EventRounds "7"]
[EventCountry "GER"]
[SourceTitle "CBM 155 Extra"]
[Source "ChessBase"]
[SourceDate "2013.08.26"]
[SourceVersion "1"]
[SourceVersionDate "2013.08.26"]
[SourceQuality "1"]

1. d4 d5 2. c4 c6 3. Nf3 Nf6 4. Bg5 e6 5. Nc3 Be7 6. e3 Nbd7 7. c5 0-0 8. Bd3 Re8 9. 0-0 Qc7 10. b4 e5 11. dxe5 Nxe5 12. Bf4 Nxf3+ 13. Qxf3 Qd8 14. Be5 Bg4 15. Qg3 Qd7 16. f3 Bf5 17. e4 dxe4 18. fxe4 Bg6 19. Ne2 Qe6 20. Bd4 Rad8 21. Nf4 Qd7 22. Bc3 Nh5 23. Nxh5 Qxd3 24. Qe5 f6 25. Qe6+ Bf7 26. Qg4 Bxh5 27. Qxh5 Qxc3 28. Qg4 Bf8 29. Rac1 Qe5 30. Rf4 Rd2 31. Rcf1 Re6 32. h3 Rd4 33. R1f3 Rxe4 34. Rxe4 Qxe4 35. Qg3 Qe1+ 36. Kh2 Qxb4 37. Rf4 Qxc5 38. Qg4 Qe5 39. Kg1 Qe1+ 40. Kh2 Bd6 41. h4 Bxf4+ 42. Qxf4 Qe5 0-1

[Event "Karl Mala Memorial op 11th"]
[Site "Frankfurt"]
[Date "2008.06.27"]
[Round "2"]
[White "Lehnert, Michael"]
[Black "Fichtl, Andreas"]
[Result "1-0"]
[WhiteElo "2090"]
[BlackElo "1873"]
[PlyCount "65"]
[EventDate "2008.06.26"]
[EventType "swiss"]
[EventRounds "7"]
[EventCountry "GER"]
[SourceTitle "CBM 125 Extra"]
[Source "ChessBase"]
[SourceDate "2008.09.01"]
[SourceVersion "1"]
[SourceVersionDate "2008.09.01"]
[SourceQuality "1"]

1. f4 d5 2. Nf3 c5 3. e3 Nc6 4. Be2 Nf6 5. 0-0 e6 6. d3 Bd6 7. b3 d4 8. e4 Be7 9. h3 b6 10. Qe1 Bb7 11. Nbd2 Nb4 12. Bd1 Nc6 13. Nc4 Qc7 14. Nfe5 g6 15. Nxc6 Bxc6 16. Ne5 Bb7 17. f5 gxf5 18. exf5 Rg8 19. Bf3 Bxf3 20. Rxf3 0-0-0 21. Nxf7 Qc6 22. Qxe6+ Qxe6 23. fxe6 Rd5 24. Bf4 Nh5 25. Bh2 Rg6 26. Re1 Ng7 27. Rf4 Nxe6 28. Rfe4 Ng5 29. Rxe7 Nxh3+ 30. Kf1 Rf5+ 31. Ke2 Rf2+ 32. Kd1 Rgxg2 33. Rc7+ 1-0

[Event "Karl Mala Memorial op 10th"]
[Site "Griesheim"]
[Date "2006.07.22"]
[Round "5"]
[White "Fichtl, Andreas"]
[Black "Sprandl, Manfred"]
[Result "1-0"]
[WhiteElo "1874"]
[BlackElo "1559"]
[PlyCount "79"]
[EventDate "2006.07.20"]
[EventType "swiss"]
[EventRounds "7"]
[EventCountry "GER"]
[SourceTitle "CBM 113 Extra"]
[Source "ChessBase"]
[SourceDate "2006.09.14"]
[SourceVersion "1"]
[SourceVersionDate "2006.09.14"]
[SourceQuality "1"]

1. e4 c5 2. c3 d5 3. exd5 Qxd5 4. d4 Nc6 5. Be3 cxd4 6. cxd4 e6 7. Nc3 Qd7 8. Nf3 Nf6 9. Ne5 Nxe5 10. dxe5 Qxd1+ 11. Rxd1 Nd7 12. f4 Be7 13. g3 a6 14. Bg2 0-0 15. 0-0 Bc5 16. Bxc5 Nxc5 17. b4 Nd7 18. Bxb7 Bxb7 19. Rxd7 Rab8 20. a3 Rfc8 21. Rfd1 Kf8 22. R7d3 Ke8 23. Na4 Rc2 24. R1d2 Rxd2 25. Rxd2 Bd5 26. Kf2 Rd8 27. Ke3 a5 28. Nc3 axb4 29. axb4 Bh1 30. Rxd8+ Kxd8 31. Kd4 Ke7 32. Ne4 f6 33. b5 h6 34. b6 Bxe4 35. Kxe4 Kd7 36. f5 exf5+ 37. Kxf5 fxe5 38. Kxe5 Kc6 39. Kf5 Kxb6 40. Kg6 1-0

[Event "Karl Mala Memorial op 10th"]
[Site "Griesheim"]
[Date "2006.07.22"]
[Round "4"]
[White "Ploetz, Hans Juergen"]
[Black "Fichtl, Andreas"]
[Result "1/2-1/2"]
[WhiteElo "1409"]
[BlackElo "1874"]
[PlyCount "89"]
[EventDate "2006.07.20"]
[EventType "swiss"]
[EventRounds "7"]
[EventCountry "GER"]
[SourceTitle "CBM 113 Extra"]
[Source "ChessBase"]
[SourceDate "2006.09.14"]
[SourceVersion "1"]
[SourceVersionDate "2006.09.14"]
[SourceQuality "1"]

1. d4 d5 2. Nf3 Nf6 3. Bf4 e6 4. e3 c5 5. c4 cxd4 6. Nxd4 Bb4+ 7. Nd2 Bd7 8. a3 Bxd2+ 9. Qxd2 Nc6 10. Rc1 a6 11. b4 Rc8 12. Bg5 Ne4 13. Bxd8 Nxd2 14. Bb6 Nxf1 15. cxd5 Nxd4 16. Rxc8+ Bxc8 17. Bxd4 Nxe3 18. Bxe3 exd5 19. Kd2 Be6 20. Rc1 Kd7 21. Bb6 Rc8 22. Rxc8 Kxc8 23. a4 Kd7 24. a5 g6 25. Bc5 f5 26. f4 Bf7 27. h4 Be8 28. g3 Ke6 29. Ke3 Bb5 30. Bd4 Bc4 31. Be5 Ba2 32. Kd4 Bc4 33. Bb8 Kd7 34. Ba7 Kc6 35. Bb8 Bb5 36. Be5 Be2 37. Bg7 Kd6 38. Bf8+ Ke6 39. Bg7 Bb5 40. Be5 Bc6 41. Bg7 Kf7 42. Bh8 Ke6 43. Bg7 Ba4 44. Be5 Bb3 45. Bg7 1/2-1/2

[Event "Karl Mala Memorial op 09th"]
[Site "Frankfurt"]
[Date "2005.07.31"]
[Round "7"]
[White "Seifert, Christopher"]
[Black "Fichtl, Andreas"]
[Result "1-0"]
[WhiteElo "1973"]
[BlackElo "1631"]
[PlyCount "99"]
[EventDate "2005.07.28"]
[EventType "swiss"]
[EventRounds "7"]
[EventCountry "GER"]
[SourceTitle "EXT 2006"]
[Source "ChessBase"]
[SourceDate "2005.11.24"]
[SourceVersion "1"]
[SourceVersionDate "2005.11.24"]
[SourceQuality "1"]

1. e4 e6 2. d4 d5 3. Nd2 c5 4. exd5 Qxd5 5. dxc5 Bxc5 6. Ngf3 Nc6 7. Bc4 Qd6 8. 0-0 Nf6 9. Nb3 Qxd1 10. Rxd1 Bb6 11. Bg5 Ne4 12. Bh4 h6 13. c3 g5 14. Bg3 Nxg3 15. hxg3 g4 16. Nfd4 Nxd4 17. Nxd4 Bd7 18. Be2 h5 19. Rd2 0-0-0 20. Rad1 e5 21. Nb5 Bxb5 22. Bxb5 Rxd2 23. Rxd2 Rd8 24. Rxd8+ Kxd8 25. Bc4 Ke7 26. Bd5 f5 27. Bxb7 e4 28. Kf1 e3 29. f3 gxf3 30. Bxf3 Bc7 31. Bxh5 Bxg3 32. Ke2 f4 33. b4 Kd6 34. c4 Ke5 35. c5 Kd4 36. c6 f3+ 37. Bxf3 Kc4 38. a3 Kb3 39. Kxe3 Kxa3 40. b5 Kb4 41. Be2 Kc5 42. Kf3 Bd6 43. g4 Kb6 44. g5 Kc7 45. Ke4 Ba3 46. Ke5 Bb2+ 47. Ke6 a6 48. bxa6 Kxc6 49. Kf7 Kb6 50. g6 1-0

[Event "Karl Mala Memorial op 09th"]
[Site "Frankfurt"]
[Date "2005.07.30"]
[Round "5"]
[White "Weiland, Thomas"]
[Black "Fichtl, Andreas"]
[Result "1/2-1/2"]
[WhiteElo "2001"]
[BlackElo "1631"]
[PlyCount "56"]
[EventDate "2005.07.28"]
[EventType "swiss"]
[EventRounds "7"]
[EventCountry "GER"]
[SourceTitle "EXT 2006"]
[Source "ChessBase"]
[SourceDate "2005.11.24"]
[SourceVersion "1"]
[SourceVersionDate "2005.11.24"]
[SourceQuality "1"]

1. e4 e6 2. Nf3 d5 3. exd5 exd5 4. d4 Bd6 5. Nc3 Be6 6. Bg5 Ne7 7. Bb5+ c6 8. Bd3 Nd7 9. 0-0 0-0 10. Re1 Qc7 11. h3 h6 12. Bh4 Nf5 13. Ne2 Nxh4 14. Nxh4 Rae8 15. c3 Nf6 16. Nf5 Bxf5 17. Bxf5 Ne4 18. Qc2 Bh2+ 19. Kf1 Bd6 20. a3 g6 21. Bxe4 Rxe4 22. Ng1 Rfe8 23. Nf3 Bf4 24. Rad1 R8e6 25. Rxe4 Rxe4 26. Re1 Qe7 27. Qd1 f5 28. g3 Bd6 1/2-1/2

[Event "Karl Mala Memorial op 09th"]
[Site "Frankfurt"]
[Date "2005.07.28"]
[Round "1"]
[White "Sulic, Kresimir"]
[Black "Fichtl, Andreas"]
[Result "1/2-1/2"]
[WhiteElo "2117"]
[BlackElo "1631"]
[PlyCount "47"]
[EventDate "2005.07.28"]
[EventType "swiss"]
[EventRounds "7"]
[EventCountry "GER"]
[SourceTitle "EXT 2006"]
[Source "ChessBase"]
[SourceDate "2005.11.24"]
[SourceVersion "1"]
[SourceVersionDate "2005.11.24"]
[SourceQuality "1"]

1. e4 e6 2. d4 d5 3. e5 c5 4. c3 Nc6 5. Nf3 Qb6 6. a3 Bd7 7. b4 cxd4 8. cxd4 Rc8 9. Be2 a5 10. b5 Nce7 11. a4 Nf5 12. 0-0 Bb4 13. Ba3 Bxa3 14. Rxa3 Nge7 15. Qd2 Ng6 16. Rd1 0-0 17. Rc3 Rxc3 18. Nxc3 Rc8 19. Rc1 Ngh4 20. Nxh4 Nxh4 21. Bg4 Rc4 22. Rd1 Qc7 23. Rc1 Qb6 24. Rd1 1/2-1/2

[Event "Karl Mala Memorial op 08th"]
[Site "Frankfurt"]
[Date "2004.07.24"]
[Round "4"]
[White "Galbraith, Martin"]
[Black "Fichtl, Andreas"]
[Result "1-0"]
[WhiteElo "1948"]
[BlackElo "1610"]
[PlyCount "73"]
[EventDate "2004.07.22"]
[EventType "swiss"]
[EventRounds "7"]
[EventCountry "GER"]
[SourceTitle "EXT 2005"]
[Source "ChessBase"]
[SourceDate "2004.11.15"]
[SourceVersion "1"]
[SourceVersionDate "2004.11.15"]
[SourceQuality "1"]

1. d4 d5 2. Nf3 Nf6 3. c4 c6 4. Nc3 e6 5. e3 Bd6 6. Bd3 Nbd7 7. 0-0 dxc4 8. Bxc4 Nb6 9. Bb3 Nbd5 10. Re1 Nxc3 11. bxc3 0-0 12. e4 Be7 13. Bc2 c5 14. Ng5 g6 15. Qd3 cxd4 16. cxd4 Nh5 17. Nf3 Bd7 18. Bh6 Re8 19. Ne5 Bf6 20. Ng4 Bg5 21. Qf3 Qe7 22. Rab1 Bc6 23. Bxg5 Qxg5 24. Ne5 Qf6 25. Qxf6 Nxf6 26. Nxc6 bxc6 27. Ba4 Rec8 28. Rec1 Nxe4 29. Bxc6 Nd6 30. Bxa8 Rxa8 31. Rc7 Kg7 32. g3 h6 33. Rd7 Nf5 34. Rbb7 Rf8 35. Rxa7 Kf6 36. a4 h5 37. a5 1-0

[Event "Karl Mala Memorial op 08th"]
[Site "Frankfurt"]
[Date "2004.07.23"]
[Round "2"]
[White "Weber, Max1"]
[Black "Fichtl, Andreas"]
[Result "0-1"]
[WhiteElo "1871"]
[BlackElo "1610"]
[PlyCount "60"]
[EventDate "2004.07.22"]
[EventType "swiss"]
[EventRounds "7"]
[EventCountry "GER"]
[SourceTitle "EXT 2005"]
[Source "ChessBase"]
[SourceDate "2004.11.15"]
[SourceVersion "1"]
[SourceVersionDate "2004.11.15"]
[SourceQuality "1"]

1. c4 c5 2. Nf3 b6 3. d4 cxd4 4. Nxd4 Bb7 5. Nc3 Nc6 6. e4 g6 7. Be3 Bg7 8. f3 Nf6 9. Be2 d6 10. Qd2 Nd7 11. Rc1 Rc8 12. 0-0 0-0 13. Rfd1 Qc7 14. Nd5 Qd8 15. Nb5 Nf6 16. Nxa7 Nxd5 17. Nxc6 Bxc6 18. cxd5 Bd7 19. Qb4 Rb8 20. Bb5 Bc8 21. Rc2 f5 22. Rdc1 fxe4 23. fxe4 Be5 24. Qc4 Bd7 25. Qe2 e6 26. Bxd7 Qxd7 27. Qg4 Qb5 28. Qxe6+ Kh8 29. Qg4 Qd3 30. Qe2 Qxe4 0-1